LIBRARY ONLINE CATALOGUE

Cloud computing (Record no. 18263)

MARC details
000 -LEADER
fixed length control field 00569nam a22001817a 4500
008 - FIXED-LENGTH DATA ELEMENTS--GENERAL INFORMATION
fixed length control field 200305b xxu||||| |||| 00| 0 eng d
020 ## - INTERNATIONAL STANDARD BOOK NUMBER
International Standard Book Number 0133387520
040 ## - CATALOGING SOURCE
Original cataloging agency KABU
Transcribing agency KABU
050 ## - LIBRARY OF CONGRESS CALL NUMBER
Classification number QA76.585
Item number .E75 2013 c. 1
100 ## - MAIN ENTRY--PERSONAL NAME
Personal name Erl, Thomas
245 ## - TITLE STATEMENT
Title Cloud computing
Remainder of title concepts, technology & architecture
Statement of responsibility, etc. Thomas Erl, Zaighman mahmood and Ricardo Puttini
260 ## - PUBLICATION, DISTRIBUTION, ETC. (IMPRINT)
Place of publication, distribution, etc. USA
Name of publisher, distributor, etc. Arcitura Education
Date of publication, distribution, etc. 2013
300 ## - PHYSICAL DESCRIPTION
Extent xxxiv, 489 p.
650 ## - SUBJECT ADDED ENTRY--TOPICAL TERM
Topical term or geographic name as entry element Cloud computing
700 ## - ADDED ENTRY--PERSONAL NAME
Personal name Mahmood, Zaigham
700 ## - ADDED ENTRY--PERSONAL NAME
Personal name Puttini, Ricardo
942 ## - ADDED ENTRY ELEMENTS (KOHA)
Source of classification or shelving scheme Library of Congress Classification
Koha item type General Collection
Classification part QA76.585
Holdings
Withdrawn status Lost status Source of classification or shelving scheme Not for loan Home library Current library Date acquired Cost, normal purchase price Total Checkouts Full call number Barcode Date last seen Copy number Price effective from Koha item type Total Renewals Date last checked out
    Library of Congress Classification   Kabarak, Main Campus Kabarak, Main Campus 05/03/2020 4088.00   QA76.585 .E75 2013 c. 1 028575 05/03/2020 c. 1 05/03/2020 General Collection    
    Library of Congress Classification   Kabarak, Main Campus Kabarak, Main Campus 05/03/2020 4088.00 2 QA76.585 .E75 2013 c. 2 028576 07/08/2024 c. 2 05/03/2020 General Collection 1 09/07/2024
    Library of Congress Classification   Kabarak, Main Campus Kabarak, Main Campus 05/03/2020 4088.00 2 QA76.585 .E75 2013 c. 3 028577 27/09/2021 c. 3 05/03/2020 General Collection 1 13/09/2021